Lord of the Rings by letter - B - Statistics

General Stats
  • This quiz has been taken 1,740 times
    1,327 since last reset
  • The average score is 13 of 19
Answer Stats
Hint Answer % Correct
Frodo's last name Baggins
99%
Frodo's uncle Bilbo Baggins
98%
Durin's Bane was one of these creatures, a powerful Maia and servant of Morgoth Balrog
95%
Eldest Son of Denethor II, steward of Gondor Boromir
93%
The house in the Shire in which Frodo and Bilbo live Bag End
92%
Village where the Hobbits first meet Strider Bree
90%
The Fellowship finds his tomb in Moria Balin
89%
Meriadoc's last name Brandybuck
89%
Pony who Sam takes on the journey up until Moria Bill
78%
Fat dwarf that accompanies Thorin Oakenshield to Erebor Bombur
74%
The Dark Tower of Mordor Barad-dûr
71%
The main river of the Shire Baranduin
64%
Inn-keeper at the Prancing Pony in Bree Barliman Butterbur
50%
Land of the Brandybucks Buckland
40%
Hamfast and Sam Gamgee lives here, near Frodo's house {Bagshot} Row
39%
Guard of the Citadel who befriends Pippin in Minas Tirith Beregond
30%
The Morannon The Black Gate
27%
The last battle of the books, takes place in the Shire Battle of {Bywater}
22%
Other name for the Ent Quickbeam Bregalad
10%
No matching quizzes found
Score Distribution
Percent of People with Each Score
Percentile by Number Answered
Your Score History
You have not taken this quiz since the last reset